| 000 | 00409nam a2200169Ia 4500 | ||
|---|---|---|---|
| 008 | 151213s9999 xx 000 0 und d | ||
| 020 | _a978-047198019-3 | ||
| 100 | _aKieso, Kimmel | ||
| 245 |
_aAccounting Principles _cKieso, Kimmel |
||
| 250 | _a8TH | ||
| 260 |
_aU S A _bWilley _c2008 |
||
| 300 | _a7168 p. | ||
| 650 | _aAccounting | ||
| 650 | _aAccounting | ||
| 700 | _aKieso, Kimmel | ||
| 999 |
_c3808 _d3808 |
||